World Capitals Containing E - Statistics

General Stats
  • This quiz has been taken 6,311 times
    6,292 since last reset
  • The average score is 64 of 76
Answer Stats
capital % Correct
Berlin
96%
Bern
94%
Budapest
94%
Bucharest
93%
Wellington
93%
Beijing
92%
Buenos Aires
92%
Zagreb
92%
Amsterdam
91%
Belgrade
91%
Canberra
91%
Helsinki
91%
Jerusalem
91%
New Delhi
91%
Reykjavík
91%
Algiers
90%
Beirut
90%
Georgetown
90%
Andorra la Vella
89%
Athens
89%
Mexico City
89%
Rome
89%
Seoul
89%
Tehran
89%
Vienna
89%
Prague
88%
Yerevan
88%
Copenhagen
87%
Belmopan
86%
Brussels
86%
Freetown
86%
Port-au-Prince
86%
Pretoria
86%
Singapore
86%
Bishkek
85%
Cape Town
85%
Luxembourg
85%
Port Moresby
85%
Tashkent
85%
Guatemala City
83%
Harare
83%
Saint George's
83%
Vientiane
83%
Brazzaville
82%
Bridgetown
82%
Dushanbe
82%
Kiev
82%
Libreville
82%
Malé
82%
Montevideo
82%
Tegucigalpa
82%
Valletta
82%
Windhoek
82%
Yaren
82%
Lomé
81%
Skopje
81%
Basseterre
80%
Gaborone
80%
San Jose
80%
Sarajevo
80%
Castries
79%
Maseru
79%
Bandar Seri Begawan
78%
Taipei
78%
Roseau
77%
São Tomé
77%
Lilongwe
75%
Sucre
75%
Yaoundé
75%
Bloemfontein
74%
Mbabane
72%
Phnom Penh
72%
Ngerulmud
71%
Niamey
71%
N'Djamena
66%
Sri Jayawarde- nepura Kotte
62%
No matching quizzes found
Score Distribution
Percent of People with Each Score
Percentile by Number Answered
Your Score History
You have not taken this quiz since the last reset